| 000 | 00436nam a22001217a 4500 | ||
|---|---|---|---|
| 082 | _a220 PRO | ||
| 100 |
_aShakeeb Ahmed Osama Malik Muhammad Ibtehaj Nadeem Ammar Waqar Khan _971148 |
||
| 245 | _aPR-SOF-1424-Auto-Takeoff and Landing Quad-rotor UAV with Waypoint Navigation and Height Sensing | ||
| 260 |
_aISLAMABAD _bNUST COLLEGE OF EME _c2015 |
||
| 650 |
_aDE-ELECT-33 _971149 |
||
| 700 |
_aDR. FAHAD MUMTAZ MALIK _917335 |
||
| 942 | _cCR | ||
| 999 |
_c577832 _d577832 |
||